Mother in the Answers - Statistics

General Stats
  • This quiz has been taken 45,857 times
    17,649 since last reset
  • The average score is 13 of 20
Answer Stats
Clue Answer % Correct
In the United States, it's the second Sunday in May Mother's Day
95%
The mother of your spouse Mother-in-law
92%
Kolkata nun who won the Nobel Peace Price in 1979 Mother Teresa
92%
Cinderella had an evil one Stepmother
89%
One's native language Mother tongue
88%
Cinderella had a fairy one Godmother
85%
Main circuit board of a computer Motherboard
84%
The main alien spacecraft Mothership
83%
Gaia, by another name Mother Earth
73%
"Comes to me speaking words of wisdom, let it be" Mother Mary
65%
British royal who died in 2002 Queen Mother
60%
Rich vein of precious ore Mother lode
56%
Матушка Россия Mother Russia
51%
One of Daenerys Targaryen's many nicknames Mother of Dragons
47%
Went to the cupboard, to give the poor dog a bone Mother Hubbard
46%
Necessity is the … Mother of invention
46%
Author of fairy tales and nursery rhymes Mother Goose
44%
Leader of a nunnery Mother superior
40%
Inner shell layer of some molluscs Mother of pearl
34%
Enemy of Beowulf Grendel's mother
19%
No matching quizzes found
Score Distribution
Percent of People with Each Score
Percentile by Number Answered
Your Score History
You have not taken this quiz since the last reset